Deutschland nach Buchstabe - L - Statistiken

Allgemein
  • Dieses Quiz wurde 88 mal gespielt
  • Das Durchschnittsergebnis liegt bei 15 aus 20
Antwortstatistiken
Hinweis Antwort % Korrekt
In dieser sächsischen Großstadt spielen die Vereine RB, Lok und Chemie Leipzig
99%
Fluss, der durch Gießen, Wetzlar und Limburg in den Rhein fließt Lahn
95%
Stadt nördlich von Köln, dessen Fußballverein 2024 Deutscher Meister wurde Leverkusen
95%
Niedersächsische Stadt in großer, nach ihr benannter Heidelandschaft Lüneburg
94%
Fußball-Weltmeister-Trainer von 2014 Joachim Löw
91%
Diese Stadt an der Ostsee war eine Art Hauptstadt der Hanse Lübeck
89%
Große Technoparade ursprünglich aus Berlin, dessen letzte Ausgabe in Duisburg in der Katastrophe endete Loveparade
85%
Ehemaliger FDP-Vorsitzender und Finanzminister, der von Olaf Scholz gefeuert wurde Christian Lindner
80%
Stadt gegenüber von Mannheim mit BASF-Werk Ludwigshafen
79%
Als Aachener Printen oder Nürnberger Elisen-L... Weihnachtsspezialität Lebkuchen
78%
Bayrische Bodensee-Stadt, dessen Stadtkern auf einer Insel liegt Lindau
77%
Deutsches Universalgenie der Aufklärung (Dualsystem, Integrale, Rechenmaschine uvm.) und Namensgeber eines Bahlsen-Butterkekses Gottfried Wilhelm Leibniz
72%
Fluss durch Hannover, der in die Aller mündet Leine
72%
Norddeutsche Spezialität aus Rindfleisch/Corned Beef, Rote Beete, Gewürzgurken, Kartoffeln, püriert, mit Matjes und Spiegelei Labskaus
68%
Name einer bayrischen Stadt mit bekannter Mittelalter-Hochzeit und eines von Terroristen entführten Flugzeugs Landshut
67%
Kastenförmige Fleischbrät-Spezialität für LKW mit ABS mit paradoxem Namen Leberkäse
61%
Felsen am Mittelrhein bei St Goarhausen, durch Heine-Gedicht berühmt Loreley
57%
Fluss von Paderborn über Hamm, Werne, Wesel in den Rhein Lippe
52%
Größte Stadt des Emslandes im Westen von Niedersachsen Lingen
49%
Lange Zeit französische Stadt in der Pfalz an der Queich Landau
29%
Keine übereinstimmenden Quizze gefunden
Verteilung der Resultate
Anzahl Personen mit jedem Resultat
Perzentil nach korrekt beantworteten Fragen
Ihre Resultats-Entwicklung
Sie haben dieses Quiz noch nicht gespielt